000 00714nam a2200253 a 4500
003 AR-BaBNM
005 20251128203347.0
008 082120s2002 ||||||||||||||000 | spa||
040 _cAR-BaBNM
100 1 _aRega Molina, Horacio
245 0 0 _aProyección social del Martín Fierro
260 _aBuenos Aires
_bSubsecretaría de Informaciones de la Presidencia de la Nación
_c1950
300 _a31 p.
650 4 _aLITERATURA ARGENTINA
650 4 _aSOCIOLOGIA CULTURAL
650 4 _aCRITICA LITERARIA
650 4 _aLITERATURA FOLKLORICA
650 4 _aSIGLO DIECINUEVE
650 4 _aESTUDIOS CULTURALES
653 _aLITERATURA GAUCHESCA
655 _aLITERATURA
942 _cBK
998 _cMARTIN
999 _c3038
_d3038